Religion Quiz

Random Religion or Bible Quiz

Parables Jesus Taught Quiz Stats

 Plays Quiz not verified by Sporcle

Score 0/43 Timer 08:00
0 Plays Today
Verses of the Parable Name the Parable % Correct
Matthew 18:12-14/Luke 15: 4-7the lost sheep
80.4%
Luke 15:11-32the prodigal son
77.5%
Matthew 13: 31-32/Mark 4:31-32/Luke 13:18-19the mustard seed
69.1%
Matthew 13:18-30/Mark 4:3-9/Luke 8:5-8the sower
66.7%
Luke 15:8-10the lost coin
65.2%
Luke 10:30-37the good Samaritan
62.7%
John 10:1-39the shephard and the sheep
61.3%
Luke 12:16-21the rich fool
60.3%
Matthew 25:31-46the sheep and the goats
59.3%
Matthew 13:24-30the tares amoung the wheat
54.4%
Matthew 18:23-24the unmerciful servant
54.4%
John 15:1-27the vine and the branches
53.9%
Matthew 25:1-13the wise and foolish virgins
52%
Matthew 13:44-45the pearl of great price
51.5%
Luke 14:28-33the tower and warring king
49%
Mark 4:26-29the growth of a seed in the ground
47.5%
Luke 17:7-10the farmer and his servant
47.5%
Luke 14:7-11places of honor
46.6%
Matthew 13:44the hidden treasure
46.1%
Matthew 13:47-48the full net
45.1%
Matthew 22:1-14the marriage of the kings son
44.6%
Matthew 25:14-30the talents
43.6%
Verses of the Parable Name the Parable % Correct
Matthew 21:33-41/Mark 12:1-8/Luke 20: 9-16the vineyard and the husbandmen
41.7%
Luke 13:6-9the barren fig tree
38.7%
Matthew 13:33/Luke 13: 20-21the leaven
38.2%
Matthew 21:28-32the father and two sons
37.3%
Luke 18:9-14the pharisee and publican
37.3%
Matthew 24:32/Mark 13:38/Luke 21:29-30the young leaves of the fig tree
36.3%
Matthew 9:16-17/Mark 2: 19-22/Luke 5:36-39new cloth on old garment
35.8%
Matthew 20:1-16the laborers in the vineyeard
35.3%
Luke 18:1-8the unrighteous judge
34.8%
Luke 16:1-8the dishonest steward
33.8%
Luke 12:42-48the faithful and wise steward
33.3%
Luke 16:19-31the rich man and Lazarus
33.3%
Matthew 7:24-27/Luke 6:48-49houses on the rock and sand
32.8%
Matthew 5:14-16/Mark 4: 21-23/Luke 8: 16-18the lamp under a bushel
31.9%
John 6:25-29the bread of life
31.4%
Luke 7:41-50the two debtors
29.9%
Luke 11:5-8the friend at midnight
27.9%
Luke 12:35-40the waiting servants
27%
Luke 19:12-27the nobleman and the ten pounds
25%
Mark 13:34-36the watchful porter
22.5%
Luke 14:16-24the great supper
20.1%

You're not logged in!

Compare scores with friends on all Sporcle quizzes.
OR
Log In

Show Comments

Extras

Top Quizzes Today


Score Distribution

Your Account Isn't Verified!

In order to create a playlist on Sporcle, you need to verify the email address you used during registration. Go to your Sporcle Settings to finish the process.

Report this User

Report this user for behavior that violates our Community Guidelines.

Details: